Cinq-Mars : (Record no. 62913)
[ view plain ]
| 000 -LEADER | |
|---|---|
| fixed length control field | 00703nam a2200217 a 4500 |
| 001 - CONTROL NUMBER | |
| control field | 62913 |
| 003 - CONTROL NUMBER IDENTIFIER | |
| rucl marc code | BD-RjUL |
| 005 - DATE AND TIME OF LATEST TRANSACTION | |
| control field | 20211209081136.0 |
| 008 - FIXED-LENGTH DATA ELEMENTS--GENERAL INFORMATION | |
| fixed length control field | 170126s1955 fr 000 1 fre d |
| 035 ## - SYSTEM CONTROL NUMBER | |
| System control number | (BD-RjUL)63041 |
| 040 ## - CATALOGING SOURCE | |
| Original cataloging agency | LRU |
| Transcribing agency | LRU |
| Modifying agency | BD-RjUL |
| Language of cataloging | eng |
| 041 ## - LANGUAGE CODE | |
| Language code of text/sound track or separate title | eng |
| 082 ## - DEWEY DECIMAL CLASSIFICATION NUMBER | |
| Edition number | 23 |
| Classification number | 841 |
| Author mark and year | VIC 1955 |
| 100 1# - MAIN ENTRY--PERSONAL NAME | |
| Personal name | Vigny, Alfred de |
| 9 (RLIN) | 187090 |
| 245 10 - TITLE STATEMENT | |
| Title | Cinq-Mars : |
| Statement of responsibility, etc. | ou une conjuration sous louis xiii / |
| Remainder of title | Alfred de Vigny |
| 260 ## - PUBLICATION, DISTRIBUTION, ETC. (IMPRINT) | |
| Place of publication, distribution, etc. | Paris : |
| Name of publisher, distributor, etc. | Librairie A. Hatier, |
| Date of publication, distribution, etc. | 1955. |
| 300 ## - PHYSICAL DESCRIPTION | |
| Pagination | 255 p. ; |
| Size | 19 cm. |
| 600 10 - SUBJECT ADDED ENTRY--PERSONAL NAME | |
| Personal name | Cinq-Mars, Henri Coiffier Ruzé d'Effiat, |
| Titles and other words associated with a name | marquis de, |
| Dates associated with a name | 1620-1642 |
| Personal name | Richelieu, Armand Jean du Plessis, |
| Titles and other words associated with a name | duc de, |
| Dates associated with a name | 1585-1642 |
| 942 ## - ADDED ENTRY ELEMENTS (KOHA) | |
| Source of classification or shelving scheme | Dewey Decimal Classification |
| Koha item type | Books |
| Lost status | Source of classification or shelving scheme | Damaged status | Not for loan | Collection code | Permanent Location | Current Location | Shelving location | Date acquired | Source of acquisition | Total Checkouts | Full call number | Date last seen | Copy number | Koha item type |
|---|---|---|---|---|---|---|---|---|---|---|---|---|---|---|
| Dewey Decimal Classification | Not For Loan | Non-fiction | Central Library, University of Rajshahi | Central Library, University of Rajshahi | Reading Room | 13/08/1965 | French Council, Dhaka | 841 VIC 1955 | 26/01/2017 | C-1 | Books |